| 000 | 00938nam a22002297a 4500 | ||
|---|---|---|---|
| 003 | OSt | ||
| 005 | 20220609111459.0 | ||
| 008 | 120524t xxu||||| |||| 00| 0 eng d | ||
| 020 | _a9781861242181 | ||
| 040 | _cLC | ||
| 050 | _aHF5437.NC2.C48 | ||
| 110 | _aCIPS | ||
| 245 |
_aProcurement and supply functions. / _cCIPS. |
||
| 260 |
_aLondon: _bProfex, _c2012. |
||
| 300 |
_ax, 114 p.: _bill; |
||
| 440 |
_aCIPS study matters _n NC2 |
||
| 500 | _aCertificate in procurement and supply operations: course book | ||
| 505 | _aContents: The main types of organisations -- How organisations operate -- Key operating functions within organisations -- Mission statements and beyond -- Key roles of procurement and supply -- Key procedures in procurement and supply -- Key economic sectors -- Demand and supply -- The impact of market factors -- | ||
| 650 | _vProcurement and supply | ||
| 653 | _aProcurement and supply | ||
| 942 |
_2lcc _cBK |
||
| 999 |
_c8939 _d16439 |
||